000 00599nam a22002177a 4500
003 UA-OsUOA
001 63394
007 ta
008 20091005b un ||||| |||| 00| 0 ukr d
100 _aРомашова Н.
090 _a32
_bР69
942 _cSA
040 _aUA-OsUOA
_bukr
_cUA-OsUOA
_dUA-OsUOA
245 _aБольові точки українського парламентаризму. Ігор Когут: Як ми обираємо та з кого
300 _aС.4-5
955 _a0
041 _aukr
080 _a32
773 0 _w63393
650 7 _a32 Політика
_2UDC
999 _c349473
_d349473